000
00339nam a2200145Ia 4500
008
240624s9999 xx 000 0 und d
041
_a
eng
082
_a
003 HOL
100
_a
HOLMES ALEX
245
_a
HADOOP IN PRACTICE
250
_a
(2nd ed.)
260
_c
2015
_a
New Delhi
_b
Wiley
300
_a
487 : p. : cm. ; 28
365
_c
RS
_b
33
999
_c
26289
_d
26289